Statistics for 100 Most Influential Philosophers in my Opinion

Click here to take the quiz!

General Stats

  • This quiz has been taken 486 times
  • The average score is 36 of 100

Answer Stats

#Work or ConceptAnswer% Correct
1The RepublicPlato
98%
2MetaphysicsAristotle
93%
3Critique of Pure ReasonImmanuel Kant
91%
11Das KapitalKarl Marx
91%
7“The only true wisdom is in knowing you know nothing.”Socrates
91%
19Thus spoke ZarathustraFriedrich Nietzsche
88%
4Discourse on the MethodRene Descartes
83%
8AnalectsConfucius
77%
37The PrinceNiccolo Machiavelli
77%
26CandideVoltaire
77%
6An Essay Concerning Humane UnderstandingJohn Locke
75%
12The Phenomenology of SpiritG.W.F. Hegel
73%
17The Social ContractJean-Jaques Rousseau
73%
42LeviathanThomas Hobbes
73%
9Tao Te ChingLaozi
70%
18Being and NothingnessJean-Paul Sartre
69%
32The Second SexSimone de Beauvoir
67%
14Summa TheologicaThomas Aquinas
67%
5The City of GodAugustine of Hippo
63%
23An Enquiry Concerning Human UnderstandingDavid Hume
62%
24"All is Number"Pythagoras
60%
30The RebelAlbert Camus
57%
31Being and TimeMartin Heidegger
57%
79MeditationsMarcus Aurelius
54%
75UtopiaThomas More
53%
48Scientific Method, father of EmpiricismFrancis Bacon
52%
29Discipline and PunishmentMichel Foucault
52%
66The Opus MaiusRoger Bacon
52%
49The World as Will and RepresentationArthur Schopenhauer
48%
10Ethics, Demonstrated in Geometrical OrderBaruch Spinoza
47%
55Either/OrSøren Kierkegaard
46%
20Ataraxia and AponiaEpicurus
45%
82On LibertyJohn Stuart Mill
45%
13Tractatus Logicus-PhilosophicusLudwig Wittgenstein
44%
16AtomsDemocritus
40%
41A History of Western PhilosophyBertrand Russell
39%
47PenséesBlaise Pascal
39%
44Founder of PhenomenologyEdmund Husserl
37%
27MonadologyGottfried Wilhelm Leibniz
36%
51In Praise of FollyErasmus
34%
38GrammatiqueJaques Derrida
33%
22Democracy and EducationJohn Dewey
33%
59The Varieties of Religious ExperienceWilliam James
33%
43The Spirit of the LawsBaron de Montesquieu
32%
52CynicismDiogenes
32%
83An Introduction to the Principles of Morals and LegislationJeremy Bentham
31%
65The Open Society and its EnemiesKarl Popper
31%
78De clementiaSeneca
31%
25"everything flows"Heraclitus
30%
21Founder of StoicismZeno of Citium
30%
45A Treatise Concerning the Principles of Human KnowledgeGeorge Berkeley
27%
60Anti-Oedipus (Co-Author)Gilles Deleuze
25%
39Dialectics of Enlightenment (Co-Author)Theodor W Adorno
25%
94The Sublime Object of IdeologySlavoj Zizek
24%
46The metaphysics of the healingAvicenna
23%
67Gender TroubleJudith Butler
23%
28Course of Positive PhilosophyAuguste Comte
22%
61Anti-Oedipus (Co-Author)Félix Guattari
21%
40Dialectics of Enlightenment (Co-Author)Max Horkheimer
21%
15Nothing comes from nothingParmenides
21%
33The EnneadsPlotinus
21%
96Simulacra and SimulationJean Baudrillard
20%
35ProslogionAnselm of Canterbury
19%
68Prison NotebooksAntonio Gramsci
19%
91The Wretched of the EarthFitz Fannon
19%
63ÉcritsJacques Lacan
18%
84Important medieval german mysticMeister Eckhart
18%
87The Conquest of BreadPeter Kropotkin
18%
36NominalismWilliam Ockham
18%
54The Foundations of ArithmeticGottlob Frege
17%
74Foundations of the Science of KnowledgeJohann Gottlieb Fichte
17%
69Tristes TropiquesClaude Lévi-Strauss
16%
89The Society of the SpectacleGuy Debord
16%
80The Essence of ChristianityLudwig Feuerbach
16%
100I and ThouMartin Buber
16%
85The Ego and Its OwnMax Stirner
16%
62The Death of the AuthorRoland Barthes
16%
77The Structure of Scientific RevolutionsThomas Kuhn
16%
95The Wheel of FortuneBoethius
15%
92Capital RealismMark Fisher
15%
86God and the StateMikhail Bakunin
15%
53Founder of the School of ScepticismPyrrho
15%
73System of Transcendental IdealismFriedrich Schelling
14%
88Creative EvolutionHenri Bergson
13%
98The Postmodern ConditionJean-François Lyotard
13%
71Naming and NecessitySaul Aaron Kripke
13%
72Word and ObjectWillard Van Orman Quine
13%
81Process and RealityAlfred North Whitehead
12%
50A Treatise On God As First PrincipleJohn Duns Scotus
12%
93Gravity and GraceSimone Weil
12%
90The Trouble With Being BornE.M. Cioran
11%
34Introduced Medieval Scholasticism to AristotleAlbertus Magnus
10%
70Speech Acts: An Essay in the Philosophy of LanguageJohn Searle
10%
58Chance, love, and logicCharles Sanders Peirce
8%
97Postmodernism, or, the Cultural Logic of Late CapitalismFrederic Jameson
8%
57Multiple realizabilityHilary Putnam
8%
64Meaning And NecessityRudolf Carnap
8%
76The Vision of GodNicholas of Cusa
6%
56The search after truthNicolas Malebranche
6%
99Proofs and RefutationsImre Lakatos
4%

Score Distribution

Percentile by Number Answered

Percent of People with Each Score

Your Score History

You have not taken this quiz